Pioneers of modern education

Salvato in:
Dettagli Bibliografici
Autore principale: Adamson, John William
Natura: Libro
Lingua:inglese
Pubblicazione: Cambridge university press 2013
Tags: Aggiungi Tag
Nessun Tag, puoi essere il primo ad aggiungerne!!

MARC

LEADER 00000nam a22000007a 4500
008 210712b ||||| |||| 00| 0 eng d
020 |a 9781107622272 
100 |a Adamson, John William 
245 |a Pioneers of modern education  |c  John William Adamson  |g viii,285p 
260 |b Cambridge university press  |c 2013  |h United Kingdom  |i 696447  |i 696448  |l LA116.A1  |m Education- History- 17th century   |m Educators 
500 |a It includes index 
942 |a lcc  |c BK  |e Olaqgoke,M.A  |f 12/07/2021 
952 |0 0  |1 0  |2 lcc  |4 0  |6 LA0116 A1  |7 0  |9 2771  |a HOL  |b ED  |c LP  |d 2021-07-12  |l 0  |o LA116.A1  |p 2021-6628  |r 2021-07-12 00:00:00  |w 2021-07-12  |y BK 
952 |0 0  |1 0  |2 lcc  |4 0  |7 0  |9 2772  |a HOL  |b HOL  |c LP  |d 2021-07-12  |o LA116.A1  |p 2021-6629  |r 2021-07-12 00:00:00  |w 2021-07-12  |y BK 
999 |c 1444  |d 1444